| 000 | 00721 a2200253 4500 | ||
|---|---|---|---|
| 020 | _a0-471-02990-4 | ||
| 041 | _aEng | ||
| 082 |
_a547.358 _bSi39s |
||
| 100 |
_aSilverstein, Robert M. _92412 |
||
| 100 |
_aBassler, G. Clayton _92413 |
||
| 100 |
_aMorrill, Terence C. _92414 |
||
| 245 | _aSpectrometric identification of organic compounds. | ||
| 250 | _a4th ed. | ||
| 260 |
_aNew York: _bJohn Wiley, _c1981. |
||
| 300 |
_a442p.: _billus. |
||
| 504 | _aIncludes bibliographical references. | ||
| 518 | _a2010/12/01 | ||
| 650 |
_aOrganic compounds _92415 |
||
| 650 |
_aSpectrum analysis _92416 |
||
| 650 |
_aSpectrometry _92417 |
||
| 650 |
_aUltraviolet _92418 |
||
| 653 | _aOrganic chemistry | ||
| 942 |
_2ddc _cGEN |
||
| 999 |
_c47978 _d47977 |
||